Quizzes
Events
Quiz Creation
Community
Videos
Private Events
Remove Ads
Sign In
Join for FREE
Feedback
Dark Mode
Quiz Categories
Sports
Geography
Music
Movies
Television
Just For Fun
Miscellaneous
History
Literature
Language
Science
Gaming
Entertainment
Religion
Holiday
For Kids
Quiz Lab
Recent
Popular Today
Quiz Kudos Today
Editor Picks
Curator Picks
Quizzes by...
Day
Popularity
Type
Ratings
Length
Year
Community
Subscriptions
Recent Discussions
Orange Saloon
Badges
Playlists
Quests
Create
Leaderboards
Showdown
Live 5
Trivia Bingo
Activity
Puzzle Library
Sporcle Events
Private Events
Virtual Trivia
Globe League
Become a Host
Pub Owners
SporcleCon
Opinionation
Our Games
Videos
Blog
Mobile Apps
Partnerships
Remove Ads and Go Orange
Feedback
Entertainment
Celebrity
Famous
Musical
Broadway
Show
Quote
Comic Books
Anime
Superhero
DC Comics
Marvel
Cartoons
Animation
Entertainment
Celebrity
Famous
Musical
Broadway
Show
Quote
Comic Books
Anime
Superhero
DC Comics
Marvel
Cartoons
Animation
Random Quiz
Search Sporcle
×
Quiz Lab
Quiz Lab
Entertainment
Logo
Type in answers that appear in a list
Type in answers that appear in a list
Classic
Best Score? Go Orange.
Beer Logos Close-ups Stats
Can you name the beer lines from the close up of their logos?
By
nickski
5m
16 Questions
6,106 Plays
6,106 Plays
6,106 Plays
Comments
Comments
Give Quiz Kudos
Give Quiz Kudos
-
- Ratings
hide this ad
Forced Order
Answers have to be entered in order
Answers have to be entered in order
Replay
Link that replays current quiz
Next Quiz
Link to next quiz in quiz playlist
You Got
0%
They Got
Avg Score
43%
Avg Friend Score
Upgrade to see
Score Distribution
Jump to the score distribution portion of the page
Score
0/16
Timer
05:00
0
Plays Today
Number
Beer
% Correct
5
Budweiser
83.3%
9
Guinness
76.9%
3
Bud Light Lime
68.8%
1
Stella Artois
68%
13
Red Stripe
64.8%
10
Heineken
62%
6
Corona Light
55.4%
14
St. Pauli Girl
43.3%
Number
Beer
% Correct
4
Bud Light
39.2%
16
Beck's
34.6%
11
Molson Canadian
28.4%
8
Leffe
24.1%
15
Labatt Blue
19.5%
12
Tsingtao
17.3%
2
Alexander Keith's
7.3%
7
Dab
1.2%
Quiz Playlist
Details
Report
Send in Message
Add To Playlist
Classic:
Type in answers that appear in a list
Forced Order:
Answers have to be entered in order
Last Updated: Feb 16, 2017
Quiz Scoreboard
CHALLENGE
Sign Up to Join the Scoreboard
Show All
Scores
Hide
Comments
May contain spoilers
Recently Published
Street Fighter Characters
by Artimus82
Gaming
60s
9x9 Crossword: Cartoon Network
by jackfrog10
Miscellaneous
3m
College Basketball Coaching Resumes
by pancakes188
Sports
9m
More to Explore
Quiz From the Vault
Featured Blog Post
Where Did the Easter Bunny Come From?
hide this ad
You Might Also Like...
Tags
Logo Quiz
Beer
close
close-up
Today's Top Quizzes in Entertainment
Browse Entertainment
hide this ad
Today's Top Quizzes in Logo
Browse Logo
Top Contributed Quizzes in Entertainment
1
7-to-1: DC Comics Villains
2
Marvel Characters Bunker
3
Eurovision 2023 Logic Puzzle
4
Dragon Ball Z: Goku's Fights in Order
5
Sorting Pictures: Villains
6
Criteria Quickie: Cartoon Taxonomy II
7
7-to-1: One Piece
8
Mini Trivia Sudoku: Musicals
9
Fictional Villains Letter U Blitz
10
Kamen Rider Motifs
Explore More
Trending Topics
Harry Potter
Kpop
NBA
Marvel
Disney
Anime
Crossword
Song
NFL
Pokémon
The Office
Country
Soccer
WWE
Puzzle
hide this ad
More By:
nickski
Quiz
Plays
Rating
Category
Featured
Created
Big 4 Sports Per Letter
519,428
4.18
Sports
Dec 23, 2009
Big 4 Team by Coach
130,846
3.65
Sports
Apr 4, 2010
Who Are These People? (Picture)
11,457
3.71
Entertainment
Jan 21, 2010
Beer Logos Close-ups
6,106
3.06
Entertainment
Feb 1, 2010
7 Million Plus Urban Areas in 2015
4,205
3.83
Geography
Mar 27, 2010
Go to Creator's Profile
Score Distribution
Quiz Creator Spotlight
nickski
Follow
Send a Message
Quizzes Created
-
Created Quiz Play Count
-
More By This Creator
Popular Quizzes Today
1
Find the US States - No Outlines Minefield
2
Find the Countries of Europe - No Outlines Minefield
3
The Countries of the World
4
Find the US States
5
Risky Map Clicking: Biggest States A-Z
6
US States
7
Popular People in 1961
8
Movies - When Are They Set?
More Entertainment Quizzes
The Many Enemies of Batman
Published
Trending Quizzes
Risky Map Clicking: Least Populous States A-Z
1-10 Letter G Words
Risky Map Clicking: Next State Alphabetically
Adjectives in 80s TV Shows
The Seven Year Switch: Catherine
Recently Updated
Leaping Animals
pecheneg
Reality TV Shows (A-Z)
bhenderson79
Rickey Henderson's Hall of Fame Teammates
pecheneg
Champions League XIs: Arsenal
pecheneg
Quick Pick: Celebrities in WWE's Hall of Fame
aduchscher
A-Z Keypad Blitz II
pecheneg
Multiple Oscar Actors
pecheneg
Mystery Phrase Blitz: Oscar 'Best Actors'
pecheneg
F. Scott Fitzgerald Novels
LTH
Pick 3 Villains
ddd62291
Trending Topics
NBA
Kpop
Disney
Marvel
Crossword
Harry Potter
Anime
WWE
Pokémon
Country
Soccer
Puzzle
Song
The Office
NFL
Your Account Isn't Verified!
In order to create a playlist on Sporcle, you need to verify the email address you used during registration. Go to your
Sporcle Settings
to finish the process.
Report this User
Report this user for behavior that violates our
Community Guidelines
.
Details:
Send Report
Go to the Sporcle.com Mobile Site →
Comments